000 00445nam a2200157 i 4500
001 142364
003 ES-MaACL
005 20230906200513.0
007 t|
008 071004s1924 gw ||||1| ger d
100 1 _aWintz, Hermann.
_9117125
245 1 4 _aDie Röntgenbehandlung des Uteruskarzinoms /
_cvon Hermann Wintz.
260 _aLeipzig :
_bGeorg Thieme,
_c1924.
300 _a30 p., 50 litogr. ;
_c19 cm.
852 _aES-MaACL
_jB-11645
999 _c142364
_d142364